Ovládanie kolaboratívneho robotického systému pomocou hlasových povelov operátora

Guardado en:
Detalles Bibliográficos
Autor principal: Graňák, Matej (Autor)
Otros Autores: Čorňák, Marek (Orientador)
Formato: Manuscrito Libro
Lenguaje:eslovaco
Publicado: Bratislava : STU v Bratislave FEI, 2023
Materias:
Acceso en línea:https://opac.crzp.sk/?fn=detailBiblioFormChildC5AQE&sid=08878EB2E7E37CD0999A71C0752B&seo=CRZP-detail-kniha
Etiquetas: Agregar Etiqueta
Sin Etiquetas, Sea el primero en etiquetar este registro!

MARC

LEADER 00000ntm a22000003a 4500
001 stuzp91976
003 SK-STU
005 20241120122628.8
007 ta
008 150427s2015----xo-----f-mn---000-0-slo-d
040 |a STU  |b slo 
041 0 |a slo 
044 |a xo 
100 1 |a Graňák, Matej  |u 031000  |4 aut  |U FEI Fakulta elektrotechniky a informatiky  |T FEI Ústav robotiky a kybernetiky  |X 111105  |U E011  |Y 356  |7 111105 
242 0 1 |a Control of Collaborative Robotic System via Voice Commands  |y eng 
245 1 0 |a Ovládanie kolaboratívneho robotického systému pomocou hlasových povelov operátora 
260 |a Bratislava :  |b STU v Bratislave FEI,  |c 2023 
300 |a 51 s. 
650 4 |a interakcia človek-robot  |2 slo 
650 4 |a rozpoznávanie hlasu  |2 slo 
650 4 |a hlasová nahrávka  |2 slo 
650 4 |a kolaboratívny robotický systém  |2 slo 
650 4 |a voice record  |2 eng 
650 4 |a collaborative robotic system  |2 eng 
650 4 |a human-robot interaction  |2 eng 
650 4 |a speech recognition  |2 eng 
700 1 |a Čorňák, Marek  |u 031000  |k Z3  |4 ths  |U FEI Fakulta elektrotechniky a informatiky  |T FEI Ústav robotiky a kybernetiky  |X 80498  |U E011  |Y 356  |7 80498 
856 4 |u https://opac.crzp.sk/?fn=detailBiblioFormChildC5AQE&sid=08878EB2E7E37CD0999A71C0752B&seo=CRZP-detail-kniha